| 000 | 00720cam a2200241 4500 | ||
|---|---|---|---|
| 999 |
_c5016 _d5016 |
||
| 001 | 1703357 | ||
| 003 | OSt | ||
| 005 | 20220401121240.0 | ||
| 008 | 680411s1968 maua 000 0 eng | ||
| 010 | _a 68017709 | ||
| 040 |
_aDLC _cDLC _dDLC |
||
| 050 | 0 | 0 |
_aQD261 _b.F54 1968 |
| 082 | 0 | 0 | _a547/.0028 |
| 100 | 1 |
_aFieser, Louis F. _q(Louis Frederick), _d1899-1977. |
|
| 245 | 1 | 0 |
_aOrganic experiments _c[by] Louis F. Fieser. |
| 250 | _a2d ed. | ||
| 260 |
_aLexington, Mass., _bRaytheon Education Co. _cc1968. |
||
| 300 |
_aviii, 342 p. _billus. _c24 cm. |
||
| 504 | _aIncludes index. | ||
| 650 | 0 |
_aChemistry, Organic _xLaboratory manuals. |
|
| 906 |
_a7 _bcbc _corignew _du _encip _f19 _gy-gencatlg |
||
| 942 |
_2lcc _cBK _nCM |
||